[Event "Kstovo op"]
[Site "Kstovo"]
[Date "2010.09.10"]
[Round "7"]
[White "Volkov, Ilya"]
[Black "Stepanushkin, Alexander"]
[Result "1-0"]
[WhiteElo "2140"]
[BlackElo "2006"]
[PlyCount "33"]
[EventDate "2010.09.04"]
[EventType "swiss"]
[EventRounds "9"]
[EventCountry "RUS"]
[SourceTitle "EXT 2014"]
[Source "ChessBase"]
[SourceDate "2013.11.20"]
[SourceVersion "1"]
[SourceVersionDate "2013.11.20"]
[SourceQuality "1"]

1. e4 c5 2. Nf3 Nc6 3. c3 Nf6 4. e5 Nd5 5. d4 cxd4 6. cxd4 d6 7. Bc4 dxe5 8. dxe5 Be6 9. 0-0 g6 10. Qe2 Qc7 11. Ng5 Nxe5 12. Nxe6 fxe6 13. Bxd5 exd5 14. Bf4 Bg7 15. Re1 Rc8 16. Nc3 d4 17. Nd5 1-0

[Event "Nizhnij Novgorod Hope Cup"]
[Site "Nizhnij Novgorod"]
[Date "2010.08.16"]
[Round "6"]
[White "Gorozhanin, Mikhail"]
[Black "Volkov, Ilya"]
[Result "1/2-1/2"]
[WhiteElo "1940"]
[BlackElo "2140"]
[PlyCount "59"]
[EventDate "2010.08.10"]
[EventType "swiss"]
[EventRounds "7"]
[EventCountry "RUS"]
[SourceTitle "CBM 138 Extra"]
[Source "ChessBase"]
[SourceDate "2010.10.29"]
[SourceVersion "1"]
[SourceVersionDate "2010.10.29"]
[SourceQuality "1"]

1. d4 c6 2. c4 d5 3. Nc3 Nf6 4. e3 e6 5. Nf3 dxc4 6. Bxc4 b5 7. Bd3 Bb7 8. 0-0 a6 9. Ne4 Nbd7 10. Nxf6+ Nxf6 11. e4 Be7 12. Qe2 h6 13. Rd1 Qc7 14. g3 c5 15. Bf4 Qb6 16. Rac1 Rc8 17. Be5 c4 18. Bb1 0-0 19. Bxf6 Bxf6 20. e5 Be7 21. Be4 Bxe4 22. Qxe4 Rfd8 23. Rc2 Rd5 24. b3 c3 25. Qd3 b4 26. a4 Rcd8 27. Kg2 Bc5 28. Qe4 Qc7 29. Rcc1 Qb7 30. h4 1/2-1/2

[Event "Kimry op 51st"]
[Site "Kimry"]
[Date "2010.04.20"]
[Round "7"]
[White "Doronine, Vladimir"]
[Black "Volkov, Ilya"]
[Result "1-0"]
[WhiteElo "1887"]
[BlackElo "2140"]
[PlyCount "69"]
[EventDate "2010.04.17"]
[EventType "swiss"]
[EventRounds "8"]
[EventCountry "RUS"]
[SourceTitle "CBM 136 Extra"]
[Source "ChessBase"]
[SourceDate "2010.07.02"]
[SourceVersion "2"]
[SourceVersionDate "2010.07.15"]
[SourceQuality "1"]

1. c4 b6 2. Nc3 Bb7 3. d4 d6 4. d5 e6 5. e4 Nf6 6. h3 Be7 7. g4 0-0 8. f4 c6 9. g5 Nfd7 10. dxe6 fxe6 11. Qg4 e5 12. f5 Qe8 13. f6 Bd8 14. fxg7 Kxg7 15. Be3 Qf7 16. 0-0-0 Kh8 17. Be2 Rg8 18. Rxd6 Qg7 19. h4 Rf8 20. Nf3 Nf6 21. Qe6 Nh5 22. Rhd1 Bc7 23. Rd7 Nxd7 24. Rxd7 Bc8 25. Rxg7 Bxe6 26. Rxc7 c5 27. Nxe5 Ng3 28. Bd3 Nf1 29. Bxf1 Rxf1+ 30. Kd2 Rd8+ 31. Nd5 Rb1 32. Kc3 Re1 33. g6 hxg6 34. Nxg6+ Kg8 35. Nf6# 1-0

[Event "Kimry op 51st"]
[Site "Kimry"]
[Date "2010.04.19"]
[Round "6"]
[White "Volkov, Ilya"]
[Black "Stepanyan, Stepan"]
[Result "1-0"]
[WhiteElo "2140"]
[BlackElo "1669"]
[PlyCount "87"]
[EventDate "2010.04.17"]
[EventType "swiss"]
[EventRounds "8"]
[EventCountry "RUS"]
[SourceTitle "CBM 136 Extra"]
[Source "ChessBase"]
[SourceDate "2010.07.02"]
[SourceVersion "2"]
[SourceVersionDate "2010.07.15"]
[SourceQuality "1"]

1. e4 e5 2. Nc3 Nf6 3. f4 exf4 4. Nf3 d6 5. d4 Be7 6. Bxf4 0-0 7. Bc4 Nc6 8. 0-0 Na5 9. Bb3 Nxb3 10. axb3 Bg4 11. h3 Nh5 12. Bd2 Bd7 13. Nh2 Nf6 14. e5 dxe5 15. dxe5 Ne8 16. Qf3 Bc6 17. Qf4 h6 18. Rad1 Bg5 19. Qf2 Bxd2 20. Rxd2 Qg5 21. e6 Qe7 22. exf7+ Rxf7 23. Qxf7+ Qxf7 24. Rxf7 Kxf7 25. Ng4 Kg8 26. Ne5 Nf6 27. Nxc6 bxc6 28. Rd3 Re8 29. Kf2 Ne4+ 30. Nxe4 Rxe4 31. Rc3 Re6 32. Rc5 Rf6+ 33. Ke3 Kf8 34. Ra5 Re6+ 35. Kd2 Rf6 36. Rxa7 Rf2+ 37. Kd3 Rxg2 38. Rxc7 Rg3+ 39. Kc4 Rxh3 40. Rxc6 Rg3 41. b4 Rg4+ 42. Kb3 h5 43. b5 Re4 44. b6 1-0

[Event "Kimry Winter"]
[Site "Kimry"]
[Date "2010.01.26"]
[Round "8"]
[White "Volkov, Ilya"]
[Black "Kazantseva, Natalia"]
[Result "1-0"]
[WhiteElo "2140"]
[BlackElo "1763"]
[PlyCount "49"]
[EventDate "2010.01.23"]
[EventType "swiss"]
[EventRounds "8"]
[EventCountry "RUS"]
[SourceTitle "EXT 2022"]
[Source "ChessBase"]
[SourceDate "2021.10.06"]
[SourceVersion "1"]
[SourceVersionDate "2021.10.06"]
[SourceQuality "1"]

1. e4 e5 2. f4 exf4 3. Nf3 d5 4. e5 Bg4 5. d4 c5 6. c3 cxd4 7. cxd4 Bb4+ 8. Nc3 Ne7 9. Bxf4 Nf5 10. Bd2 0-0 11. Be2 Nc6 12. Bg5 f6 13. exf6 gxf6 14. Bf4 Nfxd4 15. Nxd4 Bxe2 16. Ndxe2 Re8 17. 0-0 Bc5+ 18. Kh1 d4 19. Na4 Qe7 20. Nxc5 Qxc5 21. Ng3 Na5 22. Bh6 Qb6 23. Qg4+ Kf7 24. Qg7+ Ke6 25. Rxf6+ 1-0

[Event "Nizhnij Novgorod op"]
[Site "Nizhnij Novgorod"]
[Date "2010.??.??"]
[Round "?"]
[White "Volkov, Ilya"]
[Black "Bodyagin, Anton"]
[Result "1-0"]
[WhiteElo "2140"]
[BlackElo "1826"]
[PlyCount "58"]
[EventDate "2010.10.02"]
[EventType "swiss"]
[EventRounds "9"]
[EventCountry "RUS"]
[SourceTitle "EXT 2011"]
[Source "ChessBase"]
[SourceDate "2010.11.26"]
[SourceVersion "1"]
[SourceVersionDate "2010.11.26"]
[SourceQuality "1"]

1. d4 e6 2. c4 d5 3. Nc3 Nf6 4. cxd5 exd5 5. Bg5 Be7 6. e3 0-0 7. Bd3 b6 8. Qc2 Nbd7 9. Nge2 Bb7 10. 0-0 c5 11. Rad1 h6 12. Bh4 Ne4 13. Bxe7 Qxe7 14. dxc5 Nxc3 15. Nxc3 bxc5 16. Be2 Nb6 17. Bf3 Rfd8 18. b3 Rac8 19. Qf5 d4 20. Bxb7 Qxb7 21. exd4 cxd4 22. Ne2 Qa6 23. Nxd4 Qxa2 24. h3 Qb2 25. Qg4 Rc5 26. Nf5 Rxd1 27. Rxd1 Qf6 28. Ne3 Rg5 29. Qe4 g6 1-0

[Event "Nizhnij Novgorod-ch FL"]
[Site "Nizhnij Novgorod"]
[Date "2009.11.14"]
[Round "?"]
[White "Volkov, Ilya"]
[Black "Lebedev, Sergey E"]
[Result "1-0"]
[WhiteElo "1860"]
[BlackElo "1857"]
[PlyCount "61"]
[EventDate "2009.11.14"]
[EventType "swiss"]
[EventRounds "9"]
[EventCountry "RUS"]
[SourceTitle "EXT 2022"]
[Source "ChessBase"]
[SourceDate "2021.10.06"]
[SourceVersion "1"]
[SourceVersionDate "2021.10.06"]
[SourceQuality "1"]

1. d4 Nf6 2. Nf3 g6 3. g3 Bg7 4. Bg2 0-0 5. 0-0 d6 6. c4 Nbd7 7. Qc2 c5 8. Rd1 Qc7 9. d5 Ng4 10. Nc3 a6 11. e4 Nge5 12. Nxe5 Nxe5 13. b3 Bg4 14. Re1 Qa5 15. Bd2 Qc7 16. a4 Qd7 17. Rac1 h5 18. Bf4 Bf3 19. Bxe5 Bxg2 20. Bxg7 Bf3 21. Qd3 Bxe4 22. Qxe4 Kxg7 23. Qxe7 Qh3 24. Qxd6 h4 25. Qe5+ f6 26. Qf4 hxg3 27. Re7+ Kg8 28. Qxg3 Qh6 29. Rce1 f5 30. R1e6 Kh8 31. Rxg6 1-0

[Event "Kstovo op"]
[Site "Kstovo"]
[Date "2008.09.12"]
[Round "7"]
[White "Volkov, Ilya"]
[Black "Rakov, Mikhail"]
[Result "1-0"]
[WhiteElo "2140"]
[BlackElo "1912"]
[PlyCount "60"]
[EventDate "2008.09.06"]
[EventType "swiss"]
[EventRounds "9"]
[EventCountry "RUS"]
[SourceTitle "CBM 126 Extra"]
[Source "ChessBase"]
[SourceDate "2008.11.05"]
[SourceVersion "1"]
[SourceVersionDate "2008.11.05"]
[SourceQuality "1"]

1. e4 e5 2. Nf3 Nc6 3. d4 exd4 4. c3 dxc3 5. Nxc3 Bb4 6. Bc4 Bxc3+ 7. bxc3 Qe7 8. 0-0 d6 9. Ng5 Ne5 10. Bb3 h6 11. f4 f6 12. fxe5 hxg5 13. exf6 gxf6 14. Qd5 c6 15. Qd3 Qe5 16. g3 Be6 17. Ba3 0-0-0 18. Rad1 Bxb3 19. axb3 d5 20. Rfe1 Nh6 21. Qf3 g4 22. Qe3 b6 23. Rd4 c5 24. Rxd5 Rxd5 25. exd5 Qxd5 26. Qe7 Qf7 27. Qd6 Rd8 28. Qc6+ Kb8 29. Bc1 Qb7 30. Qxb7+ Kxb7 1-0

[Event "Nizhnij Novgorod Dubinin Memorial 15th"]
[Site "Nizhnij Novgorod"]
[Date "2008.01.??"]
[Round "?"]
[White "Volkov, Ilya"]
[Black "Kruchinin, Anatoly V"]
[Result "1/2-1/2"]
[WhiteElo "2140"]
[BlackElo "1851"]
[PlyCount "46"]
[EventDate "2008.01.??"]
[EventType "swiss"]
[EventRounds "9"]
[EventCountry "RUS"]
[SourceTitle "CBM 122 Extra"]
[Source "ChessBase"]
[SourceDate "2008.03.04"]
[SourceVersion "1"]
[SourceVersionDate "2008.03.04"]
[SourceQuality "1"]

1. e4 Nc6 2. Nf3 e5 3. d4 exd4 4. c3 d5 5. exd5 Qxd5 6. cxd4 Bg4 7. Be2 Nf6 8. Nc3 Bb4 9. 0-0 Bxc3 10. bxc3 0-0 11. Bf4 Rac8 12. c4 Qf5 13. Bg3 Rfd8 14. d5 Bxf3 15. Bxf3 Ne5 16. Bxe5 Qxe5 17. Re1 Qd6 18. Qc2 b6 19. Re2 Re8 20. Rae1 Rxe2 21. Rxe2 Re8 22. Rxe8+ Nxe8 23. Qe2 Kf8 1/2-1/2

[Event "Nizhnij Novgorod Dubinin Memorial 15th"]
[Site "Nizhnij Novgorod"]
[Date "2008.01.??"]
[Round "?"]
[White "Volkov, Ilya"]
[Black "Mandrikov, Sergey"]
[Result "0-1"]
[WhiteElo "2140"]
[BlackElo "2018"]
[PlyCount "22"]
[EventDate "2008.01.??"]
[EventType "swiss"]
[EventRounds "9"]
[EventCountry "RUS"]
[SourceTitle "CBM 122 Extra"]
[Source "ChessBase"]
[SourceDate "2008.03.04"]
[SourceVersion "1"]
[SourceVersionDate "2008.03.04"]
[SourceQuality "1"]

1. e4 c5 2. c3 d5 3. exd5 Qxd5 4. d4 Nc6 5. Nf3 cxd4 6. cxd4 Bg4 7. Be2 e6 8. Nc3 Qa5 9. 0-0 Nf6 10. Bg5 Bxf3 11. Bxf3 Qxg5 0-1

[Event "Nizhnij Novgorod Dubinin Memorial 15th"]
[Site "Nizhnij Novgorod"]
[Date "2008.01.??"]
[Round "?"]
[White "Volkov, Ilya"]
[Black "Rakov, Mikhail"]
[Result "0-1"]
[WhiteElo "2140"]
[BlackElo "1930"]
[PlyCount "40"]
[EventDate "2008.01.??"]
[EventType "swiss"]
[EventRounds "9"]
[EventCountry "RUS"]
[SourceTitle "CBM 122 Extra"]
[Source "ChessBase"]
[SourceDate "2008.03.04"]
[SourceVersion "1"]
[SourceVersionDate "2008.03.04"]
[SourceQuality "1"]

1. e4 c6 2. d4 d5 3. exd5 cxd5 4. c4 Nf6 5. Nc3 e6 6. Bg5 dxc4 7. Bxc4 Be7 8. Nf3 0-0 9. 0-0 h6 10. Bh4 a6 11. a4 Nc6 12. Re1 Nd5 13. Bg3 Bb4 14. Qd2 Na5 15. Bxd5 exd5 16. Qc2 Be6 17. Bh4 Qc7 18. Ne5 Rac8 19. Re3 Nc4 20. Nxc4 Qxc4 0-1